| 000 | 00620nam a2200193Ia 4500 | ||
|---|---|---|---|
| 003 | IN-BaIIA | ||
| 008 | 211028s9999 xx 000 0 eng d | ||
| 020 | _a0-201-19330-2 | ||
| 040 | _cIIA Library | ||
| 080 |
_a519.682 _bWOL |
||
| 100 |
_aWolfram, S. _917061 |
||
| 245 | 0 |
_aMathematica tm _ba system for doing mathematics by computer _cS. Wolfram |
|
| 260 |
_aCalifornia _bUniversity of California Press _c1988 |
||
| 300 | _axviii, 748p. | ||
| 650 |
_aComputer programs _94148 |
||
| 650 |
_aMathematical programming _910278 |
||
| 650 | _aNASA Thesaurus | ||
| 942 | _cBK | ||
| 999 |
_c10084 _d10084 |
||